[Event "LSS No Engine Cup 225 Preliminary 0"]
[Site "LSS email"]
[Date "2022.02.02"]
[Round "?"]
[White "Helmbrecht, John"]
[Black "Neumann, Otto"]
[Result "1/2-1/2"]
[WhiteElo "1768"]
[BlackElo "1162"]
[PlyCount "79"]
[EventDate "2022.02.02"]
[EventType "tourn (corr)"]
[EventRounds "6"]
[EventCountry "GER"]
[SourceTitle "Corr 2024"]
[Source "ChessBase"]
[SourceDate "2023.10.19"]
[SourceVersion "1"]
[SourceVersionDate "2023.10.19"]
[SourceQuality "1"]

1. d4 Nf6 2. Nf3 g6 3. g3 Bg7 4. Bg2 d5 5. 0-0 0-0 6. c4 c6 7. b3 e6 8. Bb2 Nbd7 9. Nbd2 b6 10. Qc2 Bb7 11. e4 dxe4 12. Nxe4 Nxe4 13. Qxe4 Nf6 14. Qe2 Rc8 15. Rfd1 Qc7 16. Rac1 Rfd8 17. Ne5 Nd7 18. Nf3 Nf6 19. h3 Nh5 20. Ne5 Nf6 21. Re1 Nd7 22. Rcd1 Nxe5 23. dxe5 Rxd1 24. Rxd1 c5 25. Rd6 Bxg2 26. Kxg2 Bf8 27. Rd2 Rd8 28. Qd1 Be7 29. Rxd8+ Bxd8 30. f3 Be7 31. Qd3 Bf8 32. Kf2 Bg7 33. Qe4 Qd8 34. Ke2 Bh6 35. f4 Bg7 36. Qb7 a5 37. Qc6 Bf8 38. Bc3 Be7 39. Bb2 Bf8 40. Bc3 1/2-1/2

[Event "LSS No Engine Cup 225 Preliminary 0"]
[Site "LSS email"]
[Date "2022.02.02"]
[Round "?"]
[White "Neumann, Otto"]
[Black "Henke, Simon"]
[Result "0-1"]
[WhiteElo "1162"]
[BlackElo "2134"]
[PlyCount "44"]
[EventDate "2022.02.02"]
[EventType "tourn (corr)"]
[EventRounds "6"]
[EventCountry "GER"]
[SourceTitle "Corr 2024"]
[Source "ChessBase"]
[SourceDate "2023.10.19"]
[SourceVersion "1"]
[SourceVersionDate "2023.10.19"]
[SourceQuality "1"]

1. e4 d6 2. d4 Nf6 3. Bd3 e5 4. d5 Nbd7 5. Ne2 Be7 6. 0-0 Nc5 7. b4 Nxd3 8. Qxd3 0-0 9. c4 a5 10. Bd2 axb4 11. Bxb4 Nh5 12. f4 Nxf4 13. Nxf4 exf4 14. Rxf4 Bg5 15. Rf1 Re8 16. Bc3 Bd7 17. a4 Rxa4 18. Rxa4 Bxa4 19. Nd2 b6 20. Rf5 Qe7 21. Nf3 Bh6 22. Qd4 Qxe4 0-1

[Event "LSS No Engine Cup 224 Preliminary 0"]
[Site "LSS email"]
[Date "2022.01.08"]
[Round "?"]
[White "Neumann, Otto"]
[Black "Molina, Vicente Andres"]
[Result "1-0"]
[WhiteElo "1168"]
[BlackElo "1025"]
[PlyCount "63"]
[EventDate "2022.01.08"]
[EventType "tourn (corr)"]
[EventRounds "6"]
[EventCountry "GER"]
[SourceTitle "Corr 2024"]
[Source "ChessBase"]
[SourceDate "2023.10.19"]
[SourceVersion "1"]
[SourceVersionDate "2023.10.19"]
[SourceQuality "1"]

1. d4 Nf6 2. Bf4 d6 3. e3 Bg4 4. Nf3 Nbd7 5. Be2 c6 6. Nbd2 Qc7 7. c4 e5 8. dxe5 dxe5 9. Bg3 Bb4 10. 0-0 0-0-0 11. a3 Bd6 12. b4 Rhe8 13. c5 e4 14. Nd4 Bxe2 15. Nxe2 Bxg3 16. Nxg3 Ne5 17. Qc2 Neg4 18. h3 Ne5 19. Ndxe4 Nxe4 20. Nxe4 Nd3 21. Nd6+ Rxd6 22. cxd6 Qxd6 23. Rfd1 Rd8 24. b5 Qf6 25. bxc6 bxc6 26. Rab1 Ne5 27. Rdc1 Rd5 28. Qa4 Rd7 29. Rc5 Qg6 30. Qb5 Nf3+ 31. Kh1 Nh4 32. Qb8# 1-0

[Event "LSS No Engine Cup 223 Preliminary 0"]
[Site "LSS email"]
[Date "2021.11.19"]
[Round "?"]
[White "Henke, Simon"]
[Black "Neumann, Otto"]
[Result "1-0"]
[WhiteElo "2111"]
[BlackElo "1139"]
[PlyCount "43"]
[EventDate "2021.11.19"]
[EventType "tourn (corr)"]
[EventRounds "6"]
[EventCountry "GER"]
[SourceTitle "Corr 2024"]
[Source "ChessBase"]
[SourceDate "2023.10.19"]
[SourceVersion "1"]
[SourceVersionDate "2023.10.19"]
[SourceQuality "1"]

1. d4 Nf6 2. Nc3 g6 3. Bf4 a6 4. e4 d6 5. Qd2 Bg7 6. 0-0-0 0-0 7. f3 Nbd7 8. Bh6 c5 9. Bxg7 Kxg7 10. e5 cxd4 11. exf6+ Nxf6 12. Qxd4 Kg8 13. h4 b5 14. Bd3 Bb7 15. h5 e5 16. Qe3 b4 17. Ne4 Nd5 18. Qh6 Nf6 19. Ng5 Qa5 20. Nxh7 Nxh7 21. hxg6 Qxa2 22. Qxh7# 1-0

[Event "LSS No Engine Cup 223 Preliminary 0"]
[Site "LSS email"]
[Date "2021.11.19"]
[Round "?"]
[White "Neumann, Otto"]
[Black "Lombardi, Donato"]
[Result "0-1"]
[WhiteElo "1139"]
[BlackElo "1086"]
[PlyCount "68"]
[EventDate "2021.11.19"]
[EventType "tourn (corr)"]
[EventRounds "6"]
[EventCountry "GER"]
[SourceTitle "Corr 2024"]
[Source "ChessBase"]
[SourceDate "2023.10.19"]
[SourceVersion "1"]
[SourceVersionDate "2023.10.19"]
[SourceQuality "1"]

1. e4 e6 2. d4 d5 3. e5 c5 4. c3 Nc6 5. Bd3 Qb6 6. Nf3 cxd4 7. cxd4 Bd7 8. Qb3 Qxb3 9. axb3 a6 10. Bd2 Nge7 11. 0-0 Nf5 12. Bc3 Be7 13. Nbd2 0-0 14. h3 Rac8 15. Rfe1 b5 16. Nf1 b4 17. Bd2 Nfxd4 18. Nxd4 Nxd4 19. Rxa6 Bb5 20. Bxb5 Nxb5 21. Kh1 Rc2 22. Rb1 Nd4 23. Rb6 Nxb3 24. Bxb4 Bxb4 25. Rxb4 Nd2 26. Nxd2 Rxd2 27. Kg1 Rc8 28. Kf1 h6 29. Ra4 Rcc2 30. b4 Rxf2+ 31. Kg1 Rxg2+ 32. Kh1 Rh2+ 33. Kg1 Rb2 34. Rba1 Rxh3 0-1

[Event "LSS No Engine Cup 222 Preliminary 0"]
[Site "LSS email"]
[Date "2021.10.23"]
[Round "?"]
[White "Tobey, Al"]
[Black "Neumann, Otto"]
[Result "0-1"]
[WhiteElo "919"]
[BlackElo "1148"]
[PlyCount "96"]
[EventDate "2021.10.23"]
[EventType "tourn (corr)"]
[EventRounds "6"]
[EventCountry "GER"]
[SourceTitle "Corr 2024"]
[Source "ChessBase"]
[SourceDate "2023.10.19"]
[SourceVersion "1"]
[SourceVersionDate "2023.10.19"]
[SourceQuality "1"]

1. e4 c5 2. Nc3 Nc6 3. Nf3 d6 4. Nd5 e6 5. Nc3 Be7 6. Be2 Nf6 7. 0-0 a6 8. d3 b6 9. a3 Bb7 10. Bf4 0-0 11. Re1 Nh5 12. Be3 Re8 13. g3 Nf6 14. Nd2 Nd4 15. f4 Nxe2+ 16. Nxe2 Ng4 17. Bf2 Nxf2 18. Kxf2 Bf6 19. Nc4 a5 20. e5 dxe5 21. fxe5 Be7 22. Nf4 Qc7 23. Qg4 Qc6 24. Re4 Bf8 25. Nh5 Kh8 26. Nd6 Re7 27. Ke2 Ba6 28. a4 Rd7 29. b3 f5 30. Nxf5 exf5 31. Qxf5 Rad8 32. Rd1 Qg6 33. Qxg6 hxg6 34. Nf4 Rd4 35. Ke3 Rxe4+ 36. Kxe4 Bb7+ 37. Ke3 Kh7 38. Ne6 Re8 39. Ng5+ Kh6 40. Kf4 Be7 41. Nh3 Bg2 42. Nf2 Bg5+ 43. Kg4 Rxe5 44. Rg1 Bb7 45. Kh3 Re2 46. Rf1 Rxc2 47. Ng4+ Kh7 48. Rf7 Bg2# 0-1

[Event "LSS No Engine Cup 221 Preliminary 0"]
[Site "LSS email"]
[Date "2021.09.14"]
[Round "?"]
[White "Neumann, Otto"]
[Black "Kolanek, Roman"]
[Result "0-1"]
[WhiteElo "1159"]
[BlackElo "2329"]
[PlyCount "64"]
[EventDate "2021.09.14"]
[EventType "tourn (corr)"]
[EventRounds "6"]
[EventCountry "GER"]
[SourceTitle "Corr 2024"]
[Source "ChessBase"]
[SourceDate "2023.10.19"]
[SourceVersion "1"]
[SourceVersionDate "2023.10.19"]
[SourceQuality "1"]

1. d4 Nf6 2. c4 e6 3. Nc3 Bb4 4. a3 Bxc3+ 5. bxc3 c5 6. d5 0-0 7. d6 Ne4 8. Qc2 Nxd6 9. Qd3 Qe7 10. Nf3 f6 11. g3 b6 12. a4 Bb7 13. Bg2 Be4 14. Qe3 f5 15. 0-0 Nxc4 16. Qg5 Qxg5 17. Bxg5 Nc6 18. Rfd1 d5 19. Bf4 e5 20. Bd2 Rad8 21. Bg5 Rd6 22. Nd2 Nxd2 23. Rxd2 Bxg2 24. Kxg2 h6 25. Be3 f4 26. gxf4 exf4 27. Bd4 cxd4 28. cxd4 Rg6+ 29. Kh1 f3 30. exf3 Rxf3 31. Rg1 Rxg1+ 32. Kxg1 Ra3 0-1

[Event "LSS No Engine Cup 221 Preliminary 0"]
[Site "LSS email"]
[Date "2021.09.14"]
[Round "?"]
[White "Neumann, Otto"]
[Black "Molina, Vicente Andres"]
[Result "0-1"]
[WhiteElo "1159"]
[BlackElo "1059"]
[PlyCount "32"]
[EventDate "2021.09.14"]
[EventType "tourn (corr)"]
[EventRounds "6"]
[EventCountry "GER"]
[SourceTitle "Corr 2024"]
[Source "ChessBase"]
[SourceDate "2023.10.19"]
[SourceVersion "1"]
[SourceVersionDate "2023.10.19"]
[SourceQuality "1"]

1. e4 c6 2. Nc3 d5 3. exd5 cxd5 4. d3 Nc6 5. Bd2 Nf6 6. Nf3 e5 7. Qe2 Bd6 8. g3 0-0 9. Bg2 Re8 10. 0-0 Bg4 11. Qe1 e4 12. dxe4 dxe4 13. Ng5 Nd4 14. Rc1 Nf3+ 15. Nxf3 exf3 16. Bh1 Rxe1 0-1

[Event "LSS SN-2021-0-01029"]
[Site "LSS email"]
[Date "2021.08.21"]
[Round "?"]
[White "Neumann, Otto"]
[Black "Martin, Hector"]
[Result "1-0"]
[WhiteElo "847"]
[BlackElo "900"]
[PlyCount "101"]
[EventDate "2021.05.06"]
[EventType "tourn (corr)"]
[EventRounds "6"]
[EventCountry "GER"]
[SourceTitle "Corr 2024"]
[Source "ChessBase"]
[SourceDate "2023.10.19"]
[SourceVersion "1"]
[SourceVersionDate "2023.10.19"]
[SourceQuality "1"]

1. Nf3 d5 2. d4 Nf6 3. Bf4 Bg4 4. h3 Bxf3 5. gxf3 c6 6. Nc3 e6 7. Bg2 Bd6 8. Bg5 Nbd7 9. Qd2 h6 10. Bh4 Qb6 11. 0-0-0 Bb4 12. Kb1 a5 13. Qe3 Ba3 14. Na4 Qb5 15. Qxa3 Qxe2 16. Rhe1 Qc4 17. Qb3 Qxb3 18. axb3 b5 19. Nc3 0-0 20. Rg1 Nh5 21. Be7 Rfe8 22. Bd6 e5 23. dxe5 Nxe5 24. Ne2 Ng6 25. Ng3 Nhf4 26. Bf1 Re6 27. Bc5 Rae8 28. Nf5 Re1 29. Bd3 Nxd3 30. cxd3 Rxd1+ 31. Rxd1 a4 32. b4 Nf4 33. h4 Re6 34. Bd4 f6 35. Bc5 Re8 36. Ne7+ Kf7 37. Nxc6 Ne6 38. Be3 f5 39. f4 Ra8 40. Ka2 Kf6 41. Rg1 Rc8 42. Ne5 d4 43. Bc1 Rc2 44. Rf1 g5 45. Kb1 Re2 46. fxg5+ Kxe5 47. gxh6 Kf6 48. Rg1 Nf8 49. Bg5+ Kg6 50. Be7+ Kf7 51. Bxf8 1-0

[Event "LSS SN-2021-0-01029"]
[Site "LSS email"]
[Date "2021.08.21"]
[Round "?"]
[White "Neumann, Otto"]
[Black "Pehl, Ferenc"]
[Result "0-1"]
[WhiteElo "847"]
[BlackElo "901"]
[PlyCount "64"]
[EventDate "2021.05.06"]
[EventType "tourn (corr)"]
[EventRounds "6"]
[EventCountry "GER"]
[SourceTitle "Corr 2024"]
[Source "ChessBase"]
[SourceDate "2023.10.19"]
[SourceVersion "1"]
[SourceVersionDate "2023.10.19"]
[SourceQuality "1"]

1. d4 d5 2. Nf3 Nc6 3. Bg5 f6 4. Bh4 Bf5 5. a3 Nh6 6. Nc3 e6 7. h3 Be7 8. e3 a6 9. Bd3 Bxd3 10. Qxd3 Nf5 11. 0-0-0 Nxh4 12. Nxh4 f5 13. g4 g6 14. Nf3 Qd6 15. Kb1 0-0-0 16. Na4 Qd7 17. c4 Nb4 18. axb4 Qxa4 19. b5 dxc4 20. Qc3 axb5 21. Ne5 Rhf8 22. gxf5 exf5 23. Kc1 Bb4 24. Qc2 Qa6 25. Rhg1 c6 26. f3 Kc7 27. Qh2 Bd6 28. h4 Rfe8 29. f4 Bxe5 30. fxe5 Kb6 31. h5 c3 32. bxc3 Qa1+ 0-1

[Event "LSS No Engine Cup 219 Preliminary 0"]
[Site "LSS email"]
[Date "2021.07.10"]
[Round "?"]
[White "Joubert, Hennie"]
[Black "Neumann, Otto"]
[Result "0-1"]
[WhiteElo "1600"]
[BlackElo "1121"]
[PlyCount "46"]
[EventDate "2021.07.10"]
[EventType "tourn (corr)"]
[EventRounds "6"]
[EventCountry "GER"]
[SourceTitle "Corr 2024"]
[Source "ChessBase"]
[SourceDate "2023.10.19"]
[SourceVersion "1"]
[SourceVersionDate "2023.10.19"]
[SourceQuality "1"]

1. e4 c5 2. Nf3 Nc6 3. d4 cxd4 4. Nxd4 Nf6 5. Nc3 d6 6. Be3 g6 7. Be2 Bg7 8. 0-0 0-0 9. f3 Re8 10. Qd2 a6 11. Rad1 b5 12. a3 Bb7 13. Nxc6 Bxc6 14. Bh6 Bh8 15. Qe3 Nh5 16. f4 Ng7 17. e5 Nf5 18. Qh3 Qb6+ 19. Rf2 Nxh6 20. Qxh6 dxe5 21. Kf1 e4 22. f5 Bd4 23. Rf4 Be3 0-1

[Event "LSS No Engine Cup 219 Preliminary 0"]
[Site "LSS email"]
[Date "2021.07.10"]
[Round "?"]
[White "Neumann, Otto"]
[Black "Henke, Simon"]
[Result "0-1"]
[WhiteElo "1121"]
[BlackElo "2097"]
[PlyCount "48"]
[EventDate "2021.07.10"]
[EventType "tourn (corr)"]
[EventRounds "6"]
[EventCountry "GER"]
[SourceTitle "Corr 2024"]
[Source "ChessBase"]
[SourceDate "2023.10.19"]
[SourceVersion "1"]
[SourceVersionDate "2023.10.19"]
[SourceQuality "1"]

1. d4 Nf6 2. Nf3 d5 3. c4 e6 4. Nc3 Be7 5. Bf4 0-0 6. e3 b6 7. Be2 dxc4 8. Bxc4 Ba6 9. Bxa6 Nxa6 10. Ne5 c5 11. Nc6 Qe8 12. Nxe7+ Qxe7 13. 0-0 Rfd8 14. Qa4 cxd4 15. exd4 Nb4 16. Rad1 Nbd5 17. Be5 Rac8 18. Nxd5 Nxd5 19. Rc1 h6 20. h3 Qb4 21. Qxa7 Ra8 22. Qb7 Qxb2 23. Rb1 Qxa2 24. f4 f6 0-1

[Event "LSS No Engine Cup 218 Preliminary 0"]
[Site "LSS email"]
[Date "2021.06.07"]
[Round "?"]
[White "Portas, Daniel"]
[Black "Neumann, Otto"]
[Result "1/2-1/2"]
[WhiteElo "1628"]
[BlackElo "1118"]
[PlyCount "42"]
[EventDate "2021.06.07"]
[EventType "tourn (corr)"]
[EventRounds "6"]
[EventCountry "GER"]
[SourceTitle "Corr 2024"]
[Source "ChessBase"]
[SourceDate "2023.10.19"]
[SourceVersion "1"]
[SourceVersionDate "2023.10.19"]
[SourceQuality "1"]

1. e4 c5 2. Nf3 Nc6 3. d4 cxd4 4. Nxd4 Nf6 5. Nc3 g6 6. Be3 Bg7 7. Bc4 d6 8. f3 0-0 9. Qd2 Re8 10. 0-0-0 a6 11. Nde2 Ne5 12. Bb3 b5 13. Nd5 a5 14. Bb6 Qd7 15. Nc7 a4 16. Bd5 Nxd5 17. exd5 Nc4 18. Qb4 Bxb2+ 19. Kb1 Ba3 20. Qc3 Bb2 21. Qb4 Ba3 1/2-1/2

[Event "LSS No Engine Cup 218 Preliminary 0"]
[Site "LSS email"]
[Date "2021.06.07"]
[Round "?"]
[White "Varas, Pablo"]
[Black "Neumann, Otto"]
[Result "1-0"]
[WhiteElo "2009"]
[BlackElo "1118"]
[PlyCount "45"]
[EventDate "2021.06.07"]
[EventType "tourn (corr)"]
[EventRounds "6"]
[EventCountry "GER"]
[SourceTitle "Corr 2024"]
[Source "ChessBase"]
[SourceDate "2023.10.19"]
[SourceVersion "1"]
[SourceVersionDate "2023.10.19"]
[SourceQuality "1"]

1. d4 Nf6 2. c4 g6 3. Nc3 Bg7 4. e4 d6 5. Be2 0-0 6. Be3 Nbd7 7. Nf3 c5 8. Qd2 Re8 9. 0-0 Ng4 10. Bf4 cxd4 11. Nxd4 Nge5 12. Bh6 Bh8 13. Nc2 a6 14. Rad1 Nf6 15. f4 Neg4 16. Bg5 Bg7 17. Kh1 Qb6 18. Bf3 e5 19. f5 gxf5 20. exf5 Bxf5 21. Bxg4 Bxc2 22. Bxf6 Bxf6 23. Nd5 1-0

[Event "LSS SN-2021-0-01026"]
[Site "LSS email"]
[Date "2021.06.01"]
[Round "?"]
[White "Lombardi, Donato"]
[Black "Neumann, Otto"]
[Result "0-1"]
[WhiteElo "858"]
[BlackElo "862"]
[PlyCount "70"]
[EventDate "2020.12.29"]
[EventType "tourn (corr)"]
[EventRounds "6"]
[EventCountry "GER"]
[SourceTitle "Corr 2024"]
[Source "ChessBase"]
[SourceDate "2023.10.19"]
[SourceVersion "1"]
[SourceVersionDate "2023.10.19"]
[SourceQuality "1"]

1. e4 c5 2. d4 cxd4 3. Qxd4 Nc6 4. Qe3 d6 5. Nf3 Nf6 6. Nc3 g6 7. Bd3 Bg7 8. Bd2 a5 9. Nd5 Nxd5 10. exd5 Nb4 11. Bc3 Bxc3+ 12. bxc3 Nxd5 13. Qd4 Nf6 14. 0-0 0-0 15. Rad1 Be6 16. Rfe1 Bxa2 17. c4 b5 18. cxb5 Nd5 19. Bc4 Bxc4 20. Qxc4 Nb6 21. Qa2 Qc7 22. h3 Qc5 23. Nd4 Rfe8 24. Nf3 Qxb5 25. Nd4 Qd7 26. Qb2 Nc4 27. Qa2 Rec8 28. c3 a4 29. Nf3 a3 30. Ne5 Nxe5 31. Rxe5 Qb7 32. Re2 Rxc3 33. Rde1 Rc7 34. Re3 Qb2 35. Ra1 Rc1+ 0-1